| 000 | 00616nam a2200181Ia 4500 | ||
|---|---|---|---|
| 005 | 20250508153739.0 | ||
| 008 | 008 250505s9999 xx 000 0 eng d | ||
| 037 | _aBooks to be hide in OPAC | ||
| 040 |
_aFEDL _beng _cFEDL |
||
| 041 |
_aeng _2eng |
||
| 084 |
_a370.6, IND/O _qFEDL |
||
| 245 | 0 | _aProceedincs of the conference of professors of philosophy held at New Delhi on the 21st, 22st and 23rd Sept. 1951 | |
| 245 | 0 | _cIndia. Education, (Ministry of ...) | |
| 260 |
_aDelhi, India _bManager of Publications _c1952 |
||
| 300 | _a47p | ||
| 942 |
_cHB _h370.6, IND/O |
||
| 999 |
_c1345188 _d1345188 |
||